Statistiques concernant Noms exacts des pays du monde

Cliquez ici pour prendre le quiz!

Statistiques générales

  • Ce quiz a été pris 108 fois
  • Le résultat moyen est 120 sur 196

Réponses sur la Carte

Les réponses sont colorées sur une échelle allant du rouge au vert en fonction du pourcentage des utilisateurs qui les ont devinées à leur premier essai. Vous pouvez retrouver ces pourcentages ci-dessous.
 

Statistiques - réponses

Pays% Correct
France
90%
Canada
89%
États-Unis
89%
Mexique
85%
Russie
85%
Allemagne
84%
Brésil
81%
Chine
81%
Portugal
81%
Australie
80%
Espagne
80%
Italie
80%
Belgique
79%
Japon
79%
Argentine
78%
Inde
78%
Royaume-Uni
78%
Suède
78%
Islande
76%
Suisse
76%
Afrique du Sud
75%
Algérie
75%
Finlande
75%
Maroc
75%
Norvège
75%
Pays-Bas
75%
Tunisie
75%
Chili
74%
Colombie
74%
Danemark
74%
Irlande
74%
Madagascar
74%
Pologne
74%
Uruguay
74%
Corée du Nord
73%
Corée du Sud
73%
Égypte
73%
Grèce
73%
Turquie
73%
Ukraine
73%
Hongrie
71%
Lituanie
71%
Venezuela
71%
Estonie
70%
Pérou
70%
Roumanie
70%
Albanie
69%
Autriche
69%
Bolivie
69%
Croatie
69%
Cuba
69%
Indonésie
69%
Mali
69%
Pakistan
69%
Arabie Saoudite
68%
Mongolie
68%
Paraguay
68%
Biélorussie
66%
Bulgarie
66%
Chypre
66%
Irak
66%
Iran
66%
Libye
66%
Luxembourg
66%
Mauritanie
66%
Nouvelle-Zélande
66%
Thaïlande
66%
Côte d'Ivoire
65%
Haïti
65%
Jamaïque
65%
Lettonie
65%
Malte
65%
Monaco
65%
Niger
65%
Nigeria
65%
Serbie
65%
Syrie
65%
Éthiopie
64%
Qatar
64%
République Démocratique
du Congo
64%
République Tchèque
64%
Viêt Nam
64%
Andorre
63%
Cambodge
63%
Cameroun
63%
Cap-Vert
63%
Équateur
63%
Honduras
63%
Kosovo
63%
Népal
63%
Sénégal
63%
Arménie
61%
Israël
61%
Nicaragua
61%
Slovénie
61%
Somalie
61%
Zimbabwe
61%
Angola
60%
Ghana
60%
Guatemala
60%
Guinée
60%
Kenya
60%
Laos
60%
Liban
60%
Macédoine du Nord
60%
Monténégro
60%
Ouzbékistan
60%
République Dominicaine
60%
Slovaquie
60%
Soudan
60%
Tanzanie
60%
Togo
60%
Afghanistan
59%
Bénin
59%
Birmanie
59%
Salvador
59%
Bahamas
58%
Bangladesh
58%
Costa Rica
58%
Émirats Arabes Unis
58%
Guyana
58%
Malaisie
58%
Moldavie
58%
Mozambique
58%
Oman
58%
Sri Lanka
58%
Suriname
58%
Taïwan
58%
Vatican
58%
Yémen
58%
Bosnie-Herzégovine
56%
Jordanie
56%
Koweït
56%
Panama
56%
Tchad
56%
Belize
55%
Burkina Faso
55%
Fidji
55%
Kazakhstan
55%
Liechtenstein
55%
Ouganda
55%
République du Congo
55%
Saint-Marin
55%
Érythrée
54%
Géorgie
54%
Guinée Équatoriale
54%
Maldives
54%
Rwanda
54%
Soudan du Sud
54%
Tadjikistan
54%
Zambie
54%
Azerbaïdjan
53%
Botswana
53%
Gabon
53%
Gambie
53%
Liberia
53%
Namibie
53%
Seychelles
53%
Djibouti
51%
Dominique
51%
Guinée-Bissau
51%
Lesotho
51%
Papouasie-Nouvelle-
Guinée
51%
Turkménistan
51%
Philippines
50%
Bahreïn
49%
Bhoutan
49%
Burundi
49%
Malawi
49%
Maurice
49%
République Centrafricaine
49%
Singapour
49%
Barbade
48%
Comores
48%
Eswatini
48%
Sierra Leone
48%
Tonga
48%
Vanuatu
48%
Kirghizistan
46%
Kiribati
45%
Palaos
45%
Samoa
45%
Nauru
44%
Brunei
43%
Grenade
43%
Îles Marshall
43%
Îles Salomon
43%
Sainte-Lucie
43%
Timor Oriental
41%
Tuvalu
41%
Trinité-et-Tobago
40%
Antigua-et-Barbuda
39%
Saint-Vincent-et-les-
Grenadines
39%
Sao Tomé-et-Principe
39%
Saint-Christophe-
et-Niévès
35%
États Fédérés de Micronésie
28%

Distribution des résultats

Percentile par nombre de réponses

% des personnes avec chaque résultat

Votre développement - résultats

Vous n’avez pas pris ce quiz